Click MLB Teams State - Statistics

General Stats
  • This quiz has been taken 44 times
  • The average score is 26 of 30
Answer Stats
Hint Answer % Correct
A's (Atheltics) California
100%
Angels California
97%
Blue Jays Ontario
97%
Astros Texas
97%
Red Sox Massachusetts
93%
Diamondbacks Arizona
90%
Padres California
90%
Marlins Florida
90%
Braves Georgia
90%
Orioles Maryland
90%
Mets New York
90%
Rangers Texas
90%
Dodgers California
86%
Giants California
86%
Rays Florida
86%
Tigers Michigan
86%
Yankees New York
86%
Phillies Pennsylvania
86%
Mariners Washington
86%
Brewers Wisconsin
86%
Rockies Colorado
83%
Cubs Illinois
83%
Twins Minnesota
83%
Cardinals Missouri
83%
Royals Missouri
83%
Reds Ohio
83%
Pirates Pennsylvania
83%
Nationals Washington D.C.
83%
White Sox Illinois
79%
Guardians Ohio
76%
No matching quizzes found
Score Distribution
Percent of People with Each Score
Percentile by Number Answered
Your Score History
You have not taken this quiz